000 00352 a2200157 4500
001 75326
020 _a
040 _cAnchieta - Colégio São Paulo
100 _aKubitschek, Juscelino
240 1 0 _aA experiência da humildade
_lpor
245 1 0 _aA experiência da humildade
300 _a355
362 0 _a1974
650 4 _aBrasil
942 _cBK
999 _c75326
_d75326